00532nam a2200169Ia 4500003000900000008004100009020001800050040001600068080001200084100001500096245011800111260004100229300001400270490002300284650001400307650004100321IN-BaIIA211028s9999 xx 000 0 eng d a0-19-855706-X cIIA Library a52bSHU aShu, F. H. 4aThe physical universeban introduction to astronomycF. H. Shu  aCaliforniabUniversity Sciencec1982 axi, 584p. aBooks in astronomy aAstronomy aAstronomy and astrophysics thesaurus